La llegada de los africanos a América Latina (Registro nro. 51987)
[ vista simple ]
| 000 -LÍDER | |
|---|---|
| Campo fijo de descripción fija | 01013aab a2200193 i 4500 |
| 001 - NÚMERO DE CONTROL | |
| Campo de control | 768714001 |
| 003 - IDENTIFICADOR DEL NÚMERO DE CONTROL | |
| Campo de control | CO-MdFUSB |
| 005 - FECHA Y HORA DE LA ULTIMA TRANSACCIÓN | |
| control field | 20240326114344.0 |
| 008 - ELEMENTOS DE LONGITUD FIJA -- INFORMACIÓN GENERAL | |
| Campo fijo de descripción fija -- Información general | 240318t1992 ag ||||| |||| 00| 0 spa d |
| 040 ## - FUENTE DE CATALOGACIÓN | |
| Idioma de catalogación | spa |
| Agencia que realiza la transcripción | CO-MdFUSB |
| 041 ## - CÓDIGO DE IDIOMA | |
| Código de idioma para texto/pista de sonido o título separado | spa |
| 100 1# - ASIENTO PRINCIPAL--NOMBRE PERSONAL | |
| Nombre personal | Rooy, Sidney |
| Término relacionador | autor |
| 245 13 - TÍTULO | |
| Título | La llegada de los africanos a América Latina |
| Mención de responsabilidad | / Sidney Rooy |
| 300 ## - DESCRIPCIÓN FÍSICA | |
| Extensión | Volumen 12, número 1 (enero - marzo, 1993), páginas: 13 - 16 |
| Dimensiones | ; 27 cm |
| 520 ## - NOTA DE RESUMEN, ETC. | |
| Nota de sumario, etc. | Este artículo habla sobre la llegada de los africanos a América Latina, el trato que recibían, la "misión" de la iglesia y la actitud de los esclavos.<br/>La trata de los esclavos significó la incorporación de sangre africana en todo el Caribe y el continente americano.<br/>En los países católicos y protestantes, la iglesia oficial aceptó la "necesidad" de la mano de obra esclavista. |
| 653 ## - TÉRMINO DE INDIZACIÓN - NO CONTROLADO | |
| Término no controlado | Esclavitud |
| 773 0# - ASIENTO DE ITEM FUENTE | |
| Título | Iglesia y Misión |
| Biblionumber | 49402 |
| Itemnumber | 59656 |
| Parte(s) relacionada(s) / Volumen., número. (mes año), páginas | Volumen 12, número 1 (enero - marzo, 1993), páginas: 13 - 16 |
| Enumeración y primera página | páginas: 13 |
| 942 ## - TIPO DE MATERIAL (KOHA) | |
| Tipo de Item KOHA | Artículos de Revista |
No hay ítems disponibles.
